Osmanlı Padişahları - Statistics

General Stats
  • This quiz has been taken 568 times
  • The average score is 13 of 36
Answer Stats
Hint Answer % Correct
1 Osman Gazi
98%
2 Orhan Gazi
95%
3 1. Murad
58%
6 2. Murad
53%
10 Kanuni Sultan Süleyman
52%
9 Yavuz Sultan Selim
51%
5 1. Mehmed
50%
4 1. Bayezid
48%
7 Fatih Sultan Mehmed
48%
11 2. Selim
44%
8 2. Bayezid
43%
12 3. Murad
42%
17 4. Murad
40%
13 3. Mehmed
38%
16 Genç Osman
38%
14 1. Ahmed
31%
32 Abdülaziz
28%
18 İbrahim
28%
33 5. Murad
27%
24 1. Mahmud
26%
15 1. Mustafa
26%
28 3. Selim
26%
31 Abdülmecid
26%
27 1. Abdülhamit
25%
34 2. Abdülhamit
25%
30 2. Mahmud
25%
19 4. Mehmet
23%
21 2. Ahmed
22%
20 2. Süleyman
22%
22 2. Mustafa
19%
23 3. Ahmed
19%
26 3. Mustafa
15%
25 3. Osman
14%
29 4. Mustafa
14%
35 Mehmed Reşad
13%
36 Mehmed Vahdettin
9%
No matching quizzes found
Score Distribution
Percent of People with Each Score
Percentile by Number Answered
Your Score History
You have not taken this quiz